Оценка бизнеса для менеджеров: учебное пособие

التفاصيل البيبلوغرافية
المؤلف الرئيسي: Гукова А. В. Альбина Валерьевна
مؤلفون آخرون: Аникина И. Д. Ирина Дмитриевна
الملخص:В ясной и доступной форме излагаются теоретические основы оценки бизнеса и практические аспекты их применения при выборе инвестиционных проектов и обосновании наиболее рационального варианта реструктуризации предприятия. Содержит условные примеры и задачи, тесты, вопросы и задания для повторения, которые позволяют закрепить теоретический материал. Учебное пособие предназначено для студентов, обучающихся по специальности «Финансы и кредит», слушателей Президентской программы переподготовки управленческих кадров для организации народного хозяйства Российской Федерации, менеджеров, предпринимателей, финансистов, а также для всех интересующихся вопросами оценки бизнеса.
اللغة:الروسية
منشور في: Москва, Омега-Л, 2006
سلاسل:Библиотека высшей школы
الموضوعات:
التنسيق: كتاب
KOHA link:https://koha.lib.tpu.ru/cgi-bin/koha/opac-detail.pl?biblionumber=104534

MARC

LEADER 00000nam0a2200000 4500
001 104534
005 20231101214544.0
010 |a 5370000069 
035 |a (RuTPU)RU\TPU\book\112719 
090 |a 104534 
100 |a 20061102d2006 m y0rusy50 ca 
101 0 |a rus 
102 |a RU 
105 |a a j 001zy 
200 1 |a Оценка бизнеса для менеджеров  |e учебное пособие  |f А. В. Гукова, И. Д. Аникина 
210 |a Москва  |c Омега-Л  |d 2006 
215 |a 176 с.  |c ил. 
225 1 |a Библиотека высшей школы 
320 |a Библиогр.: с. 156-158. 
330 |a В ясной и доступной форме излагаются теоретические основы оценки бизнеса и практические аспекты их применения при выборе инвестиционных проектов и обосновании наиболее рационального варианта реструктуризации предприятия. Содержит условные примеры и задачи, тесты, вопросы и задания для повторения, которые позволяют закрепить теоретический материал. Учебное пособие предназначено для студентов, обучающихся по специальности «Финансы и кредит», слушателей Президентской программы переподготовки управленческих кадров для организации народного хозяйства Российской Федерации, менеджеров, предпринимателей, финансистов, а также для всех интересующихся вопросами оценки бизнеса. 
606 |a Оценка бизнеса  |2 stltpush  |3 (RuTPU)RU\TPU\subj\27868  |9 51546 
606 |a Бизнес  |x Теория  |2 stltpush  |3 (RuTPU)RU\TPU\subj\28637  |9 52152 
610 1 |a экономика 
610 1 |a оценка 
610 1 |a экономический анализ 
610 1 |a методы 
610 1 |a затратный подход 
610 1 |a доходный подход 
610 1 |a сравнительный подход 
610 1 |a предприятия 
610 1 |a управление 
610 1 |a реструктуризация 
610 1 |a учебные пособия 
675 |a 657.9(075.8)  |v 3 
686 |a У012.12я73  |v LBC/SL-A  |2 rubbk 
700 1 |a Гукова  |b А. В.  |g Альбина Валерьевна 
701 1 |a Аникина  |b И. Д.  |g Ирина Дмитриевна 
801 1 |a RU  |b 63413507  |c 20061102  |g PSBO 
801 2 |a RU  |b 63413507  |c 20190603  |g PSBO 
900 |a Экономика 
900 |a Финансы и кредиты 
900 |a Финансовый менеджмент 
900 |a Профессиональные навыки менеджера 
942 |c BK 
951 |b 080100  |b 080105  |b 080500